Central Library OPAC University of Rajshahi

The mysterious kundalini : (Record no. 30972)

MARC details
000 -LEADER
fixed length control field 00855cam a22002531 4500
001 - CONTROL NUMBER
control field 30972
003 - CONTROL NUMBER IDENTIFIER
rucl marc code BD-RjUL
005 - DATE AND TIME OF LATEST TRANSACTION
control field 20211209051638.0
008 - FIXED-LENGTH DATA ELEMENTS--GENERAL INFORMATION
fixed length control field 140412s1960 ii a 000 0 eng
035 ## - SYSTEM CONTROL NUMBER
System control number (BD-RjUL)31059
System control number (OCoLC)7181110
040 ## - CATALOGING SOURCE
Original cataloging agency DLC
Transcribing agency OCl
Modifying agency DLC
-- BD-RjUL
Language of cataloging eng
041 ## - LANGUAGE CODE
Language code of text/sound track or separate title eng
082 ## - DEWEY DECIMAL CLASSIFICATION NUMBER
Classification number 181.45
Author mark and year REM 1960
100 1# - MAIN ENTRY--PERSONAL NAME
Personal name Rele, V. G.
Fuller form of name (Vasant Gangaram)
9 (RLIN) 94114
245 14 - TITLE STATEMENT
Title The mysterious kundalini :
Remainder of title the physical basis of the "kundalini (hatha) yoga" in terms of western anatomy and physiology /
Statement of responsibility, etc. V G Rele; Foreword by Sir John Woodroffe, kt. (Arthur Avalon)
260 ## - PUBLICATION, DISTRIBUTION, ETC. (IMPRINT)
Place of publication, distribution, etc. Bombay,
Name of publisher, distributor, etc. D.B. Taraporevala Sons
Date of publication, distribution, etc. c 1960.
300 ## - PHYSICAL DESCRIPTION
Pagination xxvii, 92 p. :
Illustrations illus. ;
Size 19 cm.
504 ## - BIBLIOGRAPHY, ETC. NOTE
Bibliography, etc Bibliography: p. 75.
650 #0 - SUBJECT ADDED ENTRY--TOPICAL TERM
Topical term or geographic name as entry element Hatha yoga.
9 (RLIN) 94115
942 ## - ADDED ENTRY ELEMENTS (KOHA)
Source of classification or shelving scheme Dewey Decimal Classification
Koha item type Books
Holdings
Lost status Source of classification or shelving scheme Damaged status Not for loan Permanent Location Current Location Shelving location Date acquired Source of acquisition Cost, normal purchase price Total Checkouts Full call number Date last seen Copy number Koha item type
  Dewey Decimal Classification   Not For Loan Central Library, University of Rajshahi Central Library, University of Rajshahi Reading Room 19/10/1963 Kamala Book 4.00   181.45 REM 1960 12/04/2014 C-1 Books